Guess the 1970s song lyrics #186 - Statistics

General Stats
  • This quiz has been taken 23 times
  • The average score is 98 of 198
Answer Stats
Answer % Correct
I
95%
a
84%
he
74%
is
74%
you
74%
And
68%
and
68%
are
68%
love
68%
the
68%
To
68%
we
68%
like
63%
was
63%
of
58%
on
58%
she
58%
There
58%
they
58%
They
58%
all
53%
just
53%
know
53%
our
53%
boy
47%
But
47%
girl
47%
what
47%
every
42%
For
42%
have
42%
If
42%
that
42%
had
37%
never
37%
kiss
32%
love's
32%
side
32%
they've
26%
true
26%
Without
26%
away
21%
comes
21%
dream
21%
lived
21%
might
21%
Cause
16%
found
16%
hill
16%
joy
16%
met
16%
mountain
16%
must
16%
world
16%
happiness
11%
kissed
11%
missed
11%
morning
11%
dew
5%
grows
5%
Jack
5%
Jill
5%
rose
5%
thrill
5%
twilight
5%
No matching quizzes found
Score Distribution
Percent of People with Each Score
Percentile by Number Answered
Your Score History
You have not taken this quiz